[Event "24. Copenhagen Open  (Politiken Cup)"]
[Site "Copenhagen"]
[Date "2002.07.18"]
[Round "4"]
[White "Nielsen, Jorgen Kamp"]
[Black "Jorgensen, Morten"]
[Result "0-1"]
[WhiteElo "1400"]
[BlackElo "1257"]
[PlyCount "54"]
[EventDate "2002.07.15"]
[EventType "swiss"]
[EventRounds "11"]
[EventCountry "DEN"]
[SourceDate "2004.01.01"]

1. e4 b5 2. g3 Bb7 3. Bg2 e5 4. b3 c5 5. c4 b4 6. d3 Nf6 7. Bg5 h6 8. Bxf6 Qxf6
9. Ne2 g5 10. O-O Bd6 11. Qd2 Qg7 12. f4 exf4 13. d4 cxd4 14. Qxd4 Be5 15. Qd2
a5 16. gxf4 gxf4 17. Kh1 Bxa1 18. Nxf4 Be5 19. Nd5 Ra6 20. Qf2 Bxd5 21. exd5
Rf6 22. Qc5 Rxf1+ 23. Bxf1 Qf6 24. Nd2 Bd4 25. Qc7 O-O 26. Qg3+ Kh8 27. Nf3 Rg8
0-1

[Event "24. Copenhagen Open  (Politiken Cup)"]
[Site "Copenhagen"]
[Date "2002.07.18"]
[Round "4"]
[White "Nielsen, Michael"]
[Black "Nielsen, Max"]
[Result "1/2-1/2"]
[WhiteElo "2086"]
[BlackElo "2246"]
[PlyCount "82"]
[EventDate "2002.07.15"]
[EventType "swiss"]
[EventRounds "11"]
[EventCountry "DEN"]
[SourceDate "2004.01.01"]

1. e4 c5 2. Nf3 Nc6 3. d4 cxd4 4. Nxd4 Nf6 5. Nc3 e5 6. Ndb5 d6 7. Bg5 a6 8.
Na3 b5 9. Bxf6 gxf6 10. Nd5 f5 11. Bd3 Be6 12. O-O Bxd5 13. exd5 Ne7 14. c3 Bg7
15. Nc2 O-O 16. Qh5 e4 17. Be2 Qc8 18. Rad1 Ng6 19. f4 Kh8 20. Kh1 Ne7 21. Ne3
Qd7 22. g4 fxg4 23. Bxg4 f5 24. Bh3 Rf6 25. Rg1 Rg8 26. Rg3 Qe8 27. Qxe8 Rxe8
28. Rdg1 Bh6 29. Rf1 Rc8 30. Rg2 Rf7 31. Rd2 Kg7 32. Nc2 Rc5 33. Ne3 Kf6 34.
Rff2 Rg7 35. Rf1 Rg8 36. Rff2 Rb8 37. Rf1 Rg8 38. Rff2 Rg6 39. Rf1 Rc8 40. Nc2
Rc5 41. Ne3 Rg8 1/2-1/2

[Event "24. Copenhagen Open  (Politiken Cup)"]
[Site "Copenhagen"]
[Date "2002.07.18"]
[Round "4"]
[White "Nielsen, Thomas"]
[Black "Borvander, Tom"]
[Result "0-1"]
[WhiteElo "2018"]
[BlackElo "2166"]
[PlyCount "84"]
[EventDate "2002.07.15"]
[EventType "swiss"]
[EventRounds "11"]
[EventCountry "DEN"]
[SourceDate "2004.01.01"]

1. c4 e5 2. Nf3 Nc6 3. Nc3 Nf6 4. d4 exd4 5. Nxd4 Bb4 6. e3 O-O 7. Be2 Bxc3+ 8.
bxc3 Ne5 9. c5 b6 10. Ba3 bxc5 11. Bxc5 d6 12. Nf3 Ng6 13. Ba3 Bb7 14. O-O Re8
15. c4 Ne4 16. Qc2 Ng5 17. Qf5 Nxf3+ 18. Bxf3 Nh4 19. Qh3 Nxf3+ 20. gxf3 Qf6
21. Rab1 Qxf3 22. Qxf3 Bxf3 23. Rfc1 Rab8 24. c5 d5 25. c6 Rb6 26. Bc5 Rxc6 27.
Bxa7 Rg6+ 28. Kf1 Rg2 29. h4 Rh2 30. Ke1 Rxh4 31. Kd2 Ra4 32. Rxc7 Rxa2+ 33.
Ke1 h6 34. Bd4 Rea8 35. Rbb7 Bh5 36. Rd7 Re2+ 37. Kf1 Raa2 38. e4 Rxe4 39. Rxd5
Bf3 40. Rb8+ Kh7 41. Rdd8 Rxd4 42. Rxd4 Ra1+ 0-1

[Event "24. Copenhagen Open  (Politiken Cup)"]
[Site "Copenhagen"]
[Date "2002.07.18"]
[Round "4"]
[White "Norton, Craig"]
[Black "Laursen, Niels Norskov"]
[Result "1-0"]
[WhiteElo "1832"]
[BlackElo "2135"]
[PlyCount "77"]
[EventDate "2002.07.15"]
[EventType "swiss"]
[EventRounds "11"]
[EventCountry "DEN"]
[SourceDate "2004.01.01"]

1. d4 Nf6 2. Nf3 c5 3. e3 d5 4. dxc5 Qa5+ 5. Nbd2 e6 6. a3 Bxc5 7. Rb1 Qc7 8.
b4 Be7 9. Bb2 O-O 10. c4 a6 11. Rc1 Qd8 12. Qb3 Nc6 13. Bd3 Bd7 14. O-O Rc8 15.
Rfd1 Re8 16. e4 dxc4 17. Nxc4 b5 18. Ne3 Rc7 19. e5 Nh5 20. Be4 Qc8 21. g3 g6
22. Rc2 f5 23. exf6 Nxf6 24. Bd3 Rd8 25. Rcd2 Qb7 26. Ng5 Nd5 27. Nxd5 Bxg5 28.
Nxc7 Qxc7 29. Qc3 e5 30. Re2 Bg4 31. Rde1 Qd7 32. Rxe5 Bf6 33. Qb3+ Kf8 34.
R5e3 Bxb2 35. Qxb2 Nd4 36. Be4 h5 37. Bxg6 Bf3 38. Qa2 Qh3 39. Qf7# 1-0

[Event "24. Copenhagen Open  (Politiken Cup)"]
[Site "Copenhagen"]
[Date "2002.07.18"]
[Round "4"]
[White "Olsen, Miriam Frida"]
[Black "Roeder, Peter Ulrik"]
[Result "0-1"]
[WhiteElo "1894"]
[BlackElo "2174"]
[PlyCount "60"]
[EventDate "2002.07.15"]
[EventType "swiss"]
[EventRounds "11"]
[EventCountry "DEN"]
[SourceDate "2004.01.01"]

1. e4 c5 2. Nc3 Nc6 3. g3 g6 4. Bg2 Bg7 5. d3 d6 6. Nge2 e6 7. O-O Nge7 8. Bg5
h6 9. Be3 Nd4 10. Qd2 Nxe2+ 11. Qxe2 O-O 12. Qd2 Kh7 13. Nd1 b6 14. c3 Ba6 15.
Re1 d5 16. exd5 exd5 17. d4 Rc8 18. a4 Qd7 19. a5 Bb5 20. b3 Rfd8 21. Nb2 c4
22. bxc4 dxc4 23. axb6 axb6 24. Reb1 Bc6 25. Bxc6 Qxc6 26. Na4 Nd5 27. Bf4 b5
28. Nb2 b4 29. Na4 bxc3 30. Qc1 Bxd4 0-1

[Event "24. Copenhagen Open  (Politiken Cup)"]
[Site "Copenhagen"]
[Date "2002.07.18"]
[Round "4"]
[White "Opstrup, Niels"]
[Black "Bogdanov, Max"]
[Result "0-1"]
[WhiteElo "1196"]
[BlackElo "1302"]
[PlyCount "72"]
[EventDate "2002.07.15"]
[EventType "swiss"]
[EventRounds "11"]
[EventCountry "DEN"]
[SourceDate "2004.01.01"]

1. d4 d5 2. c4 c6 3. Nc3 Nf6 4. Nf3 Bf5 5. Bg5 e6 6. cxd5 cxd5 7. Qa4+ Nc6 8.
e3 Be7 9. Bxf6 Bxf6 10. Bb5 Qc7 11. O-O O-O 12. Rac1 a6 13. Be2 Rac8 14. b4 Qe7
15. a3 Rfd8 16. Rfd1 h5 17. b5 axb5 18. Nxb5 h4 19. Na7 Nxa7 20. Qxa7 h3 21. g3
Be4 22. Qa5 Ra8 23. Qc7 Rd7 24. Qc5 Rxa3 25. Kf1 Ra2 26. Qxe7 Rxe7 27. Rc8+ Kh7
28. Rdc1 Rb2 29. Ke1 b5 30. Nd2 Bg6 31. Rb8 b4 32. Bb5 Ra7 33. Bc6 Raa2 34. Nf1
Re2+ 35. Kd1 Rxf2 36. Bb5 b3 0-1

[Event "24. Copenhagen Open  (Politiken Cup)"]
[Site "Copenhagen"]
[Date "2002.07.18"]
[Round "4"]
[White "Pedersen, Kaj Vinding"]
[Black "Leimand, Peter Martin"]
[Result "0-1"]
[WhiteElo "1529"]
[BlackElo "2003"]
[PlyCount "90"]
[EventDate "2002.07.15"]
[EventType "swiss"]
[EventRounds "11"]
[EventCountry "DEN"]
[SourceDate "2004.01.01"]

1. d4 d5 2. Nf3 c6 3. c3 Nf6 4. Bf4 Nbd7 5. g3 h6 6. Bg2 e6 7. O-O Nh5 8. Bc1
Bd6 9. e3 Nhf6 10. Nbd2 O-O 11. Re1 e5 12. dxe5 Nxe5 13. Nxe5 Bxe5 14. Nf3 Bc7
15. Nd4 Re8 16. Qc2 Bd7 17. b3 h5 18. Bb2 Ng4 19. h3 Nf6 20. c4 dxc4 21. Qxc4
Qc8 22. h4 Be5 23. Qc2 Bh3 24. f4 Bc7 25. Bxh3 Qxh3 26. Qg2 Qxg2+ 27. Kxg2 Re4
28. Nf3 Ng4 29. Bd4 Rae8 30. Rac1 Nxe3+ 31. Kg1 a6 32. Bxe3 Rxe3 33. Rxe3 Rxe3
34. Rf1 Bb6 35. Kh1 a5 36. Ng1 Rxg3 37. Nf3 Bc7 38. f5 Rg4 39. f6 gxf6 40. Rg1
Bg3 41. a3 Kf8 42. Rg2 Bd6 43. a4 Rf4 44. Rf2 Rb4 45. Rb2 Bg3 0-1

[Event "24. Copenhagen Open  (Politiken Cup)"]
[Site "Copenhagen"]
[Date "2002.07.18"]
[Round "4"]
[White "Preuss, Flemming"]
[Black "Lynge, Torben"]
[Result "1-0"]
[WhiteElo "2063"]
[BlackElo "1669"]
[PlyCount "87"]
[EventDate "2002.07.15"]
[EventType "swiss"]
[EventRounds "11"]
[EventCountry "DEN"]
[SourceDate "2004.01.01"]

1. e4 c6 2. d3 d5 3. Nd2 e5 4. Ngf3 Bd6 5. g3 Bg4 6. Bg2 Nf6 7. h3 Be6 8. Qe2
Nbd7 9. O-O O-O 10. c3 Re8 11. Ng5 Qc7 12. Ndf3 dxe4 13. dxe4 h6 14. Nxe6 Rxe6
15. Rd1 Nc5 16. Nh4 Bf8 17. b4 Na4 18. Qc2 Nb6 19. Nf5 Nc4 20. a4 a5 21. Bd2
Nxd2 22. Qxd2 axb4 23. cxb4 Ree8 24. Qc3 g6 25. Ne3 Qb6 26. Nc2 Red8 27. a5 Qc7
28. Ne3 c5 29. Rxd8 Rxd8 30. b5 Rd4 31. b6 Qc8 32. f3 Qd7 33. Bf1 Nh5 34. Nd5
Qe6 35. a6 bxa6 36. b7 Bd6 37. Rxa6 Rd1 38. b8=Q+ Kh7 39. g4 Ng3 40. Rxd6 Qxd6
41. Qxd6 Ne2+ 42. Kf2 Nxc3 43. Qxe5 Rd2+ 44. Kg3 1-0

[Event "24. Copenhagen Open  (Politiken Cup)"]
[Site "Copenhagen"]
[Date "2002.07.18"]
[Round "4"]
[White "Raunkjar, Jonas"]
[Black "Olsson, Tomas"]
[Result "0-1"]
[WhiteElo "1702"]
[BlackElo "2109"]
[PlyCount "80"]
[EventDate "2002.07.15"]
[EventType "swiss"]
[EventRounds "11"]
[EventCountry "DEN"]
[SourceDate "2004.01.01"]

1. e4 e5 2. Nf3 Nc6 3. Bc4 Nf6 4. d3 Bc5 5. Nc3 d6 6. h3 h6 7. a3 Bb6 8. O-O g5
9. Nxg5 hxg5 10. Bxg5 Rg8 11. h4 Qd7 12. Qf3 Ng4 13. Nd5 Nd4 14. Nf6+ Nxf6 15.
Qxf6 c6 16. h5 Rxg5 17. Qxg5 Qg4 18. Qxg4 Bxg4 19. c3 Ne2+ 20. Kh2 Bxh5 21. f3
Ke7 22. g4 Bg6 23. Kg2 d5 24. Bb3 Nf4+ 25. Kg3 Nxd3 26. exd5 Nxb2 27. dxc6 bxc6
28. Rae1 Nd3 29. Rd1 Nf4 30. Ba4 Ne2+ 31. Kg2 Nxc3 32. Bxc6 Rc8 33. Bb7 Rb8 34.
Bc6 Nxd1 35. Rxd1 Bd4 36. a4 Bc2 37. Rc1 Rb2 38. Kg3 Kd6 39. Bb7 Be3 40. Kh4
Bxc1 0-1

[Event "24. Copenhagen Open  (Politiken Cup)"]
[Site "Copenhagen"]
[Date "2002.07.18"]
[Round "4"]
[White "Rodriguez Vinuesa, Azahara"]
[Black "Brinck Claussen, Bjorn"]
[Result "1/2-1/2"]
[WhiteElo "2095"]
[BlackElo "2369"]
[PlyCount "67"]
[EventDate "2002.07.15"]
[EventType "swiss"]
[EventRounds "11"]
[EventCountry "DEN"]
[SourceDate "2004.01.01"]

1. e4 e5 2. Nf3 Nc6 3. Bb5 a6 4. Ba4 Nf6 5. Qe2 b5 6. Bb3 Be7 7. c3 O-O 8. d3
d6 9. Nbd2 Nb8 10. Nf1 Nbd7 11. Ng3 Nc5 12. Bc2 Re8 13. O-O Bf8 14. Re1 Bb7 15.
Bg5 h6 16. Bd2 g6 17. Rad1 Bg7 18. h3 Ne6 19. d4 Nf4 20. Qf1 Qe7 21. dxe5 dxe5
22. a4 Bc6 23. axb5 axb5 24. Bxf4 exf4 25. Ne2 Nh5 26. Ned4 Bd7 27. Nxb5 Bxb5
28. Qxb5 Rab8 29. Qa4 Rxb2 30. Rd7 Qc5 31. Rd5 Qe7 32. Rd7 Qc5 33. Rd5 Qe7 34.
Rd7 1/2-1/2

[Event "24. Copenhagen Open  (Politiken Cup)"]
[Site "Copenhagen"]
[Date "2002.07.18"]
[Round "4"]
[White "Romsdal, Trond"]
[Black "Tollefsen, Vegard"]
[Result "1-0"]
[WhiteElo "2205"]
[BlackElo "1699"]
[PlyCount "51"]
[EventDate "2002.07.15"]
[EventType "swiss"]
[EventRounds "11"]
[EventCountry "DEN"]
[SourceDate "2004.01.01"]

1. d4 Nf6 2. c4 e5 3. dxe5 Ng4 4. Bf4 Bb4+ 5. Nd2 Nc6 6. Ngf3 Qe7 7. a3 Bxd2+
8. Qxd2 Ngxe5 9. Nxe5 Nxe5 10. Qc3 d6 11. c5 O-O 12. e3 b6 13. cxd6 cxd6 14.
Be2 Bb7 15. O-O f6 16. Rfd1 d5 17. Qb3 Kh8 18. a4 Rfd8 19. a5 Rd6 20. Rac1 Rad8
21. Qa4 a6 22. axb6 Rxb6 23. Rd2 Nc4 24. Bxc4 Rb4 25. Qa3 Rxc4 26. Rxc4 1-0

[Event "24. Copenhagen Open  (Politiken Cup)"]
[Site "Copenhagen"]
[Date "2002.07.18"]
[Round "4"]
[White "Rorvik, Jon F"]
[Black "Rasmussen, Allan Stig"]
[Result "1-0"]
[WhiteElo "2168"]
[BlackElo "2305"]
[PlyCount "81"]
[EventDate "2002.07.15"]
[EventType "swiss"]
[EventRounds "11"]
[EventCountry "DEN"]
[SourceDate "2004.01.01"]

1. c4 f5 2. Nc3 Nf6 3. g3 d6 4. Bg2 e5 5. e3 c6 6. d4 Be7 7. Nge2 O-O 8. O-O
Be6 9. b3 e4 10. d5 Bf7 11. dxc6 bxc6 12. Nd4 Qd7 13. Bh3 g6 14. f3 exf3 15.
Qxf3 d5 16. Rd1 Qb7 17. cxd5 cxd5 18. Bb2 Na6 19. Rac1 Nc5 20. Bf1 Rac8 21. Rc2
Rfd8 22. Rdc1 Ng4 23. Ba3 Bg5 24. Nd1 Ne5 25. Qg2 Ne4 26. Rxc8 Rxc8 27. Rxc8+
Qxc8 28. Qc2 Nf3+ 29. Kh1 Qxc2 30. Nxc2 Bf6 31. Kg2 g5 32. Ba6 Nfd2 33. Nd4 f4
34. gxf4 gxf4 35. Nf5 Bh5 36. Nf2 f3+ 37. Kg1 Nxf2 38. Kxf2 Ne4+ 39. Kf1 Bg4
40. Nh6+ Kg7 41. Nxg4 1-0

[Event "24. Copenhagen Open  (Politiken Cup)"]
[Site "Copenhagen"]
[Date "2002.07.18"]
[Round "4"]
[White "Rosenkilde, Alexander"]
[Black "Petersen, Nils"]
[Result "0-1"]
[WhiteElo "1639"]
[BlackElo "2035"]
[PlyCount "62"]
[EventDate "2002.07.15"]
[EventType "swiss"]
[EventRounds "11"]
[EventCountry "DEN"]
[SourceDate "2004.01.01"]

1. e4 c5 2. d4 cxd4 3. c3 Nf6 4. e5 Nd5 5. Nf3 Nc6 6. cxd4 d6 7. exd6 e6 8. Bc4
Bxd6 9. O-O O-O 10. Nc3 Nxc3 11. bxc3 Ne7 12. Bg5 f6 13. Bd2 Nd5 14. Bb3 b6 15.
Re1 Re8 16. Rc1 Bb7 17. c4 Nc7 18. Ba4 Re7 19. c5 bxc5 20. dxc5 Bxf3 21. Qxf3
Bxh2+ 22. Kxh2 Qxd2 23. Rcd1 Qb4 24. Rxe6 Rxe6 25. Bb3 Rae8 26. Rd7 Qh4+ 27.
Kg1 Kf8 28. Bxe6 Nxe6 29. g3 Nd4 30. Rf7+ Kg8 31. Rf8+ Kxf8 0-1

[Event "24. Copenhagen Open  (Politiken Cup)"]
[Site "Copenhagen"]
[Date "2002.07.18"]
[Round "4"]
[White "Royset, Paal"]
[Black "Mikkelsen, Nikolaj"]
[Result "1-0"]
[WhiteElo "2252"]
[BlackElo "2120"]
[PlyCount "59"]
[EventDate "2002.07.15"]
[EventType "swiss"]
[EventRounds "11"]
[EventCountry "DEN"]
[SourceDate "2004.01.01"]

1. e4 c5 2. c3 d5 3. exd5 Qxd5 4. d4 Nc6 5. Nf3 Bg4 6. Be2 Rd8 7. c4 Qf5 8. d5
Nb4 9. O-O g6 10. Nc3 Bg7 11. a3 Na6 12. Qb3 Qd7 13. Bg5 f6 14. Bf4 g5 15. Bg3
h5 16. h4 gxh4 17. Nxh4 Nh6 18. Ng6 Rh7 19. Rfe1 Nf5 20. Nb5 Bxe2 21. Rxe2 h4
22. Qd3 Kf7 23. Nxe7 Nxe7 24. Qxh7 Rh8 25. Nd6+ Kf8 26. Qd3 hxg3 27. Qxg3 Nf5
28. Nxf5 Qxf5 29. Rae1 Qh5 30. Re8+ 1-0

[Event "24. Copenhagen Open  (Politiken Cup)"]
[Site "Copenhagen"]
[Date "2002.07.18"]
[Round "4"]
[White "Rusanov, Alex"]
[Black "Korsgaard, Peter"]
[Result "1-0"]
[WhiteElo "1429"]
[BlackElo "1956"]
[PlyCount "91"]
[EventDate "2002.07.15"]
[EventType "swiss"]
[EventRounds "11"]
[EventCountry "DEN"]
[SourceDate "2004.01.01"]

1. e4 c5 2. Nf3 Nc6 3. d4 cxd4 4. Nxd4 Nf6 5. Nc3 d6 6. Be2 e5 7. Nb3 Be7 8.
Be3 O-O 9. f3 Be6 10. O-O Rc8 11. f4 exf4 12. Bxf4 Qb6+ 13. Kh1 Rfe8 14. Qe1
Nb4 15. Na4 Qc6 16. Qxb4 Qxc2 17. Nc3 Rxc3 18. bxc3 Qxe2 19. Qxb7 Qxe4 20. Qxa7
Bd5 21. Qf2 Qc4 22. Qd4 Rc8 23. Qxc4 Rxc4 24. Rad1 Ra4 25. Bg5 Rxa2 26. Nd2 h6
27. Rfe1 hxg5 28. Rxe7 Ng4 29. Kg1 Kf8 30. Ree1 Ne5 31. Ne4 Bc6 32. Rxd6 f5 33.
Nf2 Ra5 34. h3 Bb7 35. Rb6 Be4 36. Nxe4 fxe4 37. Rxe4 Kf7 38. Kf2 Nd3+ 39. Ke3
Nf4 40. Rb2 Ra3 41. Kd4 Ne6+ 42. Kc4 Ra4+ 43. Rb4 Ra2 44. Rb7+ Kf6 45. Rb6 Ra4+
46. Kd3 1-0

[Event "24. Copenhagen Open  (Politiken Cup)"]
[Site "Copenhagen"]
[Date "2002.07.18"]
[Round "4"]
[White "Sandbech, Ted"]
[Black "Unmack, Christian"]
[Result "0-1"]
[WhiteElo "1516"]
[BlackElo "1993"]
[PlyCount "104"]
[EventDate "2002.07.15"]
[EventType "swiss"]
[EventRounds "11"]
[EventCountry "DEN"]
[SourceDate "2004.01.01"]

1. Nf3 d5 2. d4 Nf6 3. c4 e6 4. Nc3 Nbd7 5. Bg5 c6 6. e3 Qa5 7. Qc2 Bb4 8. a3
Ne4 9. Rc1 Bxc3+ 10. bxc3 c5 11. Be2 cxd4 12. exd4 Nxg5 13. Nxg5 dxc4 14. Ne4
O-O 15. Bxc4 b6 16. O-O Ba6 17. Bxa6 Qxa6 18. Ng5 Nf6 19. Qb3 Rfd8 20. f4 Qd3
21. Kh1 Qf5 22. Rce1 Rac8 23. Rf3 h6 24. Re5 Qg6 25. Nh3 Ne4 26. f5 exf5 27.
Nf4 Qg5 28. Qb2 Nxc3 29. Nh3 Na4 30. Qb4 Rc1+ 31. Ng1 Nc5 32. Rexf5 Nd3 33. Qb3
Rxg1+ 34. Kxg1 Qc1+ 35. Rf1 Qe3+ 36. R5f2 Rd7 37. Qc3 Re7 38. Qd2 Nxf2 39. Qxf2
Re6 40. h3 Qxf2+ 41. Kxf2 Rf6+ 42. Ke2 Rxf1 43. Kxf1 Kf8 44. Ke2 Ke7 45. Kd3
Kd6 46. Kc4 a6 47. g4 g6 48. h4 f5 49. gxf5 gxf5 50. Kd3 b5 51. Ke3 a5 52. Kf4
b4 0-1

[Event "24. Copenhagen Open  (Politiken Cup)"]
[Site "Copenhagen"]
[Date "2002.07.18"]
[Round "4"]
[White "Schmied, Andreas"]
[Black "Tandrup, Michael"]
[Result "1-0"]
[WhiteElo "2134"]
[BlackElo "1874"]
[PlyCount "123"]
[EventDate "2002.07.15"]
[EventType "swiss"]
[EventRounds "11"]
[EventCountry "DEN"]
[SourceDate "2004.01.01"]

1. e4 c5 2. Nf3 Nc6 3. d4 cxd4 4. Nxd4 Nf6 5. Nc3 e5 6. Ndb5 d6 7. Bg5 a6 8.
Bxf6 gxf6 9. Na3 b5 10. Nd5 f5 11. Bd3 Be6 12. c3 Bg7 13. Nc2 O-O 14. O-O fxe4
15. Bxe4 f5 16. Bf3 e4 17. Nf4 Bf7 18. Bh5 Bc4 19. Ne3 Bxf1 20. Qd5+ Kh8 21.
Qxc6 Qg5 22. Qxd6 Rfd8 23. Qc7 Rac8 24. Ne6 Rxc7 25. Nxg5 Bc4 26. Nxc4 bxc4 27.
Ne6 Rcd7 28. Nxd8 Rxd8 29. Rd1 Rxd1+ 30. Bxd1 Bh6 31. Be2 Bc1 32. Bxc4 Bxb2 33.
Be6 f4 34. c4 Bd4 35. Kf1 Kg7 36. Ke2 Kf6 37. Bd5 e3 38. f3 Bc5 39. g3 Kg5 40.
h4+ Kf5 41. Be4+ Ke5 42. gxf4+ Kxf4 43. Bxh7 Kg3 44. h5 Kh4 45. Bg6 Kg5 46. Kd3
a5 47. a4 Bb6 48. Bf7 Bc5 49. Be8 Bb6 50. f4+ Kh6 51. Ke2 Bc5 52. Kf3 Bb6 53.
Bg6 Bc5 54. Bd3 Kxh5 55. Ke4 Kg4 56. Be2+ Kg3 57. f5 Kf2 58. Bh5 e2 59. Bxe2
Kxe2 60. Ke5 Be7 61. c5 Ke3 62. c6 1-0

[Event "24. Copenhagen Open  (Politiken Cup)"]
[Site "Copenhagen"]
[Date "2002.07.18"]
[Round "4"]
[White "Soraas, Torben"]
[Black "Henriksen, Geir Ivar"]
[Result "0-1"]
[WhiteElo "1776"]
[BlackElo "2209"]
[PlyCount "97"]
[EventDate "2002.07.15"]
[EventType "swiss"]
[EventRounds "11"]
[EventCountry "DEN"]
[SourceDate "2004.01.01"]

1. e4 c5 2. Nc3 Nc6 3. g3 g6 4. d3 Bg7 5. Be3 d6 6. Qd2 Rb8 7. Bg2 b5 8. Nge2
Nd4 9. O-O Nxe2+ 10. Qxe2 b4 11. Nd1 Nf6 12. h3 O-O 13. Qd2 a5 14. Bh6 e6 15.
Bxg7 Kxg7 16. Ne3 Ng8 17. d4 Ba6 18. Rfe1 Qf6 19. Rad1 Rfd8 20. Ng4 Qe7 21.
dxc5 dxc5 22. Qf4 $11 Rbc8 23. Qf3 h5 24. Ne3 Nf6 25. e5 Ng8 26. Qe4 Qc7 27. g4
hxg4 28. Rxd8 Rxd8 29. Nxg4 Rd4 30. Qf3 Qd8 31. Qc6 Rd1 32. Rxd1 Qxd1+ 33. Kh2
Be2 34. Qxc5 Bxg4 35. hxg4 Qxg4 36. Qxa5 Qf4+ 37. Kg1 Qc1+ 38. Bf1 Qxb2 39. Bd3
Qd4 40. Qb5 Nh6 41. Qc4 Qxc4 42. Bxc4 Ng4 43. f4 g5 44. Be2 Ne3 45. Bd3 gxf4
46. Kf2 Ng4+ 47. Ke2 Nxe5 48. Bb5 Kf6 49. c3 0-1

[Event "24. Copenhagen Open  (Politiken Cup)"]
[Site "Copenhagen"]
[Date "2002.07.18"]
[Round "4"]
[White "Svensson, Bengt"]
[Black "Molvig, Henrik"]
[Result "1/2-1/2"]
[WhiteElo "2398"]
[BlackElo "2237"]
[PlyCount "150"]
[EventDate "2002.07.15"]
[EventType "swiss"]
[EventRounds "11"]
[EventCountry "DEN"]
[SourceDate "2004.01.01"]

1. e4 c5 2. Nf3 d6 3. d4 cxd4 4. Nxd4 Nf6 5. Nc3 a6 6. Bg5 e6 7. f4 Be7 8. Qf3
Qc7 9. O-O-O Nbd7 10. g4 b5 11. Bxf6 Nxf6 12. g5 Nd7 13. h4 Nc5 14. f5 b4 15.
Nce2 e5 16. Nb3 Nxe4 17. Bg2 Bb7 18. Qe3 d5 19. Bxe4 dxe4 20. Ng3 Rc8 21. Rh2
a5 22. f6 gxf6 23. gxf6 Bf8 24. Nxe4 Bxe4 25. Qxe4 Bh6+ 26. Kb1 O-O 27. Nc1 Kh8
28. Nd3 Rfe8 29. Re1 Re6 30. Rf2 Bf4 31. Ref1 Rc6 32. Nxf4 exf4 33. Qf5 Rc5 34.
Qg4 Rg8 35. Qxf4 Qxf4 36. Rxf4 Rg2 37. Rc1 h5 38. a3 Rg4 39. Rcf1 Rc4 40. Rxc4
Rxc4 41. Rf5 Rxh4 42. Rxa5 bxa3 43. bxa3 Kh7 44. Rg5 Rg4 45. Rxh5+ Kg6 46. Rh1
Kxf6 47. Rf1+ Ke6 48. Kb2 f5 49. Kb3 Re4 50. a4 f4 51. c4 Kd6 52. Kb4 Kc6 53.
a5 Rd4 54. Rf2 Re4 55. Rf1 Rd4 56. a6 Kb6 57. a7 Kxa7 58. Kc5 Rd7 59. Rxf4 Kb7
60. Rf6 Kc7 61. Kb5 Rg7 62. c5 Rh7 63. Rg6 Rf7 64. Rc6+ Kb7 65. Rb6+ Kc7 66.
Ra6 Kb8 67. Kb6 Rb7+ 68. Kc6 Rc7+ 69. Kd6 Rh7 70. Ra1 Rh6+ 71. Kd7 Rh7+ 72. Kc6
Rh6+ 73. Kb5 Kc7 74. Ra7+ Kc8 75. Rg7 Rf6 1/2-1/2

[Event "24. Copenhagen Open  (Politiken Cup)"]
[Site "Copenhagen"]
[Date "2002.07.18"]
[Round "4"]
[White "Sylvan, Jacob"]
[Black "Aaberg, Anton"]
[Result "0-1"]
[WhiteElo "2259"]
[BlackElo "2408"]
[PlyCount "140"]
[EventDate "2002.07.15"]
[EventType "swiss"]
[EventRounds "11"]
[EventCountry "DEN"]
[SourceDate "2004.01.01"]

1. e4 c5 2. Nf3 Nc6 3. c3 d5 4. exd5 Qxd5 5. d4 e6 6. Be3 cxd4 7. cxd4 Nf6 8.
Nc3 Qd6 9. Be2 Be7 10. O-O O-O 11. Qd2 b6 12. Bf4 Qd8 13. Rad1 Nb4 14. Ne5 Bb7
15. Rfe1 Rc8 16. Bg3 Nbd5 17. Bd3 Bb4 18. Rc1 Nh5 19. Bb1 Nxg3 20. hxg3 Nf6 21.
Qf4 Be7 22. Red1 Nd5 23. Qg4 Bg5 24. Rc2 Be7 25. Rcc1 Bg5 26. Rc2 f5 27. Qe2
Nb4 28. f4 Nxc2 29. Bxc2 Bf6 30. Bb3 Bd5 31. Nxd5 exd5 32. Qf3 g6 33. Bxd5+ Kg7
34. Bb3 h5 35. d5 Qd6 36. Nc6 Qc5+ 37. Kh2 Rce8 38. Ne5 Rxe5 39. fxe5 Bxe5 40.
Kh1 Bd6 41. Qc3+ Qxc3 42. bxc3 Re8 43. Kg1 Re3 44. c4 Kf6 45. Kf2 Rc3 46. Kf1
Rxg3 47. Re1 Be5 48. Ba4 Rc3 49. Be8 Rxc4 50. a4 Rd4 51. Bc6 h4 52. Re3 g5 53.
Re1 g4 54. Re3 Rd2 55. Re1 Bg3 56. Re8 Rd1+ 57. Ke2 Re1+ 58. Kd2 Rxe8 59. Bxe8
Ke5 60. Bc6 Kd6 61. Ke2 h3 62. gxh3 gxh3 63. Kf1 f4 64. Kg1 f3 65. Bb5 Kxd5 66.
Kh1 Kd4 67. Ba6 Kc3 68. Bb5 Kb4 69. Kg1 h2+ 70. Kh1 f2 0-1

[Event "24. Copenhagen Open  (Politiken Cup)"]
[Site "Copenhagen"]
[Date "2002.07.18"]
[Round "4"]
[White "Taksrud, Vidar"]
[Black "Christensen, Christian"]
[Result "1/2-1/2"]
[WhiteElo "1888"]
[BlackElo "2131"]
[PlyCount "108"]
[EventDate "2002.07.15"]
[EventType "swiss"]
[EventRounds "11"]
[EventCountry "DEN"]
[SourceDate "2004.01.01"]

1. d4 Nf6 2. Nf3 e6 3. g3 c5 4. Bg2 Nc6 5. O-O Qb6 6. c3 d5 7. Qb3 cxd4 8. Nxd4
Nxd4 9. cxd4 Qxd4 10. Nc3 Qb6 11. Na4 Qb4 12. Rd1 Bd7 13. Nc3 Be7 14. Qc2 Rc8
15. a3 Qa5 16. Bf4 O-O 17. Qd2 Qb6 18. e4 dxe4 19. Be3 Bc5 20. Bxc5 Qxc5 21.
Bxe4 Bc6 22. Rac1 Qh5 23. Bxc6 Rxc6 24. Kg2 Ng4 25. h3 Ne5 26. Qe3 f6 27. g4
Qg6 28. Ne2 Nc4 29. Qd4 Rfc8 30. b3 Ne5 31. Rxc6 bxc6 32. f4 Nxg4 33. hxg4
Qxg4+ 34. Ng3 h5 35. f5 exf5 36. Qxg4 fxg4 37. Nxh5 Rc7 38. Kg3 f5 39. Kf4 g6
40. Nf6+ Kf7 41. Rd7+ Rxd7 42. Nxd7 Ke6 43. Nf8+ Kd5 44. Ke3 g5 45. Nh7 f4+ 46.
Kd3 f3 47. Ke3 f2 48. Kxf2 Kd4 49. Nxg5 Kc3 50. b4 Kb3 51. Ne6 Kxa3 52. Nd4
Kxb4 53. Nxc6+ Kc5 54. Nxa7 Kd5 1/2-1/2

[Event "24. Copenhagen Open  (Politiken Cup)"]
[Site "Copenhagen"]
[Date "2002.07.18"]
[Round "4"]
[White "Tozer, Richard"]
[Black "Tidman, Sophie E"]
[Result "1-0"]
[WhiteElo "2312"]
[BlackElo "2139"]
[PlyCount "93"]
[EventDate "2002.07.15"]
[EventType "swiss"]
[EventRounds "11"]
[EventCountry "DEN"]
[SourceDate "2004.01.01"]

1. d4 Nf6 2. c4 g6 3. Nc3 Bg7 4. e4 d6 5. Be2 O-O 6. Bg5 c5 7. d5 h6 8. Bf4 e6
9. dxe6 Bxe6 10. Bxd6 Re8 11. Nf3 Qb6 12. e5 Nfd7 13. O-O Nc6 14. Na4 Qa5 15.
a3 Ncxe5 16. b4 cxb4 17. axb4 Qd8 18. Rc1 Rc8 19. c5 f5 20. Re1 Nf7 21. Bf4 g5
22. Bd2 g4 23. Bf4 gxf3 24. Bxf3 Nde5 25. Bxb7 Rc7 26. c6 Qh4 27. Bg3 Qxb4 28.
Nc5 Bc4 29. Nd7 Rd8 30. Qh5 Rxb7 31. Nxe5 Re7 32. Qxf5 Nxe5 33. Bxe5 Be6 34.
Qg6 Bc8 35. Red1 Rde8 36. f4 Kf8 37. Bd6 Bd4+ 38. Kh1 Qb2 39. Qxh6+ Bg7 40. Qg5
Bf6 41. Qg6 Be6 42. Rc2 Bf7 43. Qf5 Qb3 44. c7 Kg7 45. Bxe7 Bxe7 46. c8=Q Rxc8
47. Qxc8 1-0